Spell the Marvel Character #143 - Statistics

General Stats
  • This quiz has been taken 14 times
  • The average score is 6 of 8
Answer Stats
Picture Answer % Correct
America Chavez
92%
Jessica Jones
92%
Silk
92%
Abigail Brand
67%
Jocasta
67%
Thunderstrike
67%
Omega
58%
Charlie-27
50%
No matching quizzes found
Score Distribution
Percent of People with Each Score
Percentile by Number Answered
Your Score History
You have not taken this quiz